Регионална библиотека "Любен Каравелов" - Русе

Като гореща вода за шоколад (Запис номер 108374)

MARC детайли
000 -Лидер
Контролно поле с фиксирана дължина 01458nam a2200361 c 4500
003 - Код на организацията, давaща контролен номер
Контролно поле BLK
005 - Дата и час на последна редакция
Контролно поле 20250401103843.0
008 - Елементи от данни с фиксирана дължина
fixed length control field 180409b bul|||||r ||||||| ||bul||
010 ## - Наследен системен номер
LC control number KNG00113677000
020 ## - Международен стандартен номер на книга ISBN
Международен стандартен номер на книга ISBN 954-529-298-9
-- издат.: Колибри
040 ## - Източник на каталожния запис
Идентификатор на билиотеката - собственик на записа BLK
041 ## - Код за език
Код за езика на текст/звукозапис или на отделно заглавие Български
Код за езика КДБФ Български
072 #7 - Код за тематичната категория
Код организация bullib
Код за тематична категория Н83
Текст Чужда художествена литература Н
080 ## - УДК
Текстов определител УДК Мексиканска литература
УДК код - определител по УДК 821.134.2(720)
УДК определител -31
УДК - код + определител 821.134.2(720)-31
100 1# - Редна дума - Автор
Автор Ескивел, Лаура
Авторска отговорност първи автор
R(LIN) 67631
139 ## - Редно поле
Редна дума Ескивел, Лаура
Авторски знак Еск - Е 88
245 10 - Сведения за заглавието
Заглавие Като гореща вода за шоколад
Подзаглавни данни Роман
Редно поле (дума) Лаура Ескивел; прев. от исп. Илинда Маркова.
250 ## - Област на изданието
Сведения за изданието 2. изд.
257 ## - Страна на издаване
Страна на създаване/издаване Мексико
260 ## - Област на издателските данни
-- София
Име на издателя, разпространителя и проч. Колибри
Година на издаване 2004
Печатница София : Симолини
300 ## - Физическа характеристика
Страници 224 с.
Размери/Мащаб 20 см
380 ## - Жанр
Жанр Худож. лит.
500 ## - Общи забележки
Забележка 1. изд. 1995 на изд. Хемус в Библ. Златни зърна. - Ориг. загл. Como aqua para chocolate / Laura Esquivel.
653 ## - Ключова дума – ненормативна
Ключова дума романи
659 ## - Тематичен бюлетин
Тематичен бюлетин Н
700 1# - Други автори (авторска отговорност)
Лично име Маркова, Илинда
Автороска отговорност (Описва отношението между автора и произведението) прев. от исп.
9 (RLIN) 363394
852 ## - Местоположение
Форматна сигнатура Цб 220000
856 4# - Електронен адрес и достъп
Електронен формат pdf - файл
Път до файла /url/
856 4# - Електронен адрес и достъп
Електронен формат pdf - файл
Път до файла /url/
942 ## - АРТИКУЛИ
Вид на библиотечния материал Книги
Скрит в OPAC Не
Koha issues (borrowed), all copies 4
944 ## - СЪЗДАВАНЕ И РЕДАКЦИЯ на ЗАПИСА
Създаване/Редакция Създаване
Дата на регистрацията/редакция 17.06.2004
Служител, извършил регистрацията/редакцията 30530
Статус, дата на статуса Минев Младен
944 ## - СЪЗДАВАНЕ И РЕДАКЦИЯ на ЗАПИСА
Създаване/Редакция Редакция
Дата на регистрацията/редакция 06.03.2017
Служител, извършил регистрацията/редакцията Людмила_Стоянова
999 ## - СИСТЕМНИ КОНТРОЛНИ НОМЕРА
Koha biblionumber 108374
Koha biblioitemnumber 108374
Наличности
Код за отписване Код за изгубен артикул Източник на класификационната схема Код за повреда Коз за рестрикции Код за отдаване Артикулен № Име на библиотеката - собственик Име на библиотеката, в която се намира в момента Статус (Текущо местоположение) Дата на вписване в системата Местоположение - отдел Цена в лева Инвентарен номер Систематично азбучна сигнатура Баркод Номер на екземпляра Цена в евро Служебна бележка Служебен тип на артикула
Изтеглен Не е изгубен Universal Decimal Classification Не е повреден без рестрикции заемане за дома 174742 Регионална библиотека "Любен Каравелов" Русе Регионална библиотека "Любен Каравелов" Русе Заемна - подръчен фонд 2004-06-17 Заемна - подръчен фонд 8.00 120000686283 П 860(7/8)-31/Е 87 120000686283 1 4.09 Дост: Pk Вид: Ф N: 8877 Дата: 16.06.2004 Книги
  Не е изгубен   Не е повреден без рестрикции ползва се в читалня 174743 Регионална библиотека "Любен Каравелов" Русе Регионална библиотека "Любен Каравелов" Русе Хранилище 2006-06-08 Хранилище 8.00 120000702853 Цб 220000 120000702853 2 4.09 Дост: Dp Вид: Д N: 22 Дата: 18.05.2005 Книги
  Не е изгубен   Не е повреден без рестрикции заемане за дома 174744 Регионална библиотека "Любен Каравелов" Русе Регионална библиотека "Любен Каравелов" Русе Заемна - подръчен фонд 2009-08-27 Заемна - подръчен фонд 8.00 120000737781 П 860(7/8)-31/Е 87 120000737781 3 4.09 Дост: DA Вид: А N: 10 Дата: 27.08.2009 Дата инв: 09.02.2018 Бележки инв: П2018 Книги
Vip Innovations Ltd, Rousse, Bulgaria 2025